Design and Implementation of Planar Multiband Antenna for 4G LTE Applications (Record no. 13171)
[ view plain ]
| 000 -LEADER | |
|---|---|
| fixed length control field | 00487nam a22001337a 4500 |
| 082 ## - DEWEY DECIMAL CLASSIFICATION NUMBER | |
| Classification number | MSEE-4 |
| 100 ## - MAIN ENTRY--PERSONAL NAME | |
| Personal name | Sana Ahmed |
| 9 (RLIN) | 15772 |
| 245 ## - TITLE STATEMENT | |
| Title | Design and Implementation of Planar Multiband Antenna for 4G LTE Applications |
| 260 ## - PUBLICATION, DISTRIBUTION, ETC. | |
| Place of publication, distribution, etc. | Islamabad |
| Name of publisher, distributor, etc. | NUST-SEECS |
| Date of publication, distribution, etc. | 2015 |
| 300 ## - PHYSICAL DESCRIPTION | |
| Extent | 48p.: |
| Other physical details | 27cm.+ |
| Accompanying material | CD-ROM |
| 500 ## - GENERAL NOTE | |
| General note | Supervisors: Farooq Ahmad Tahir Dr. Munir Ahmad Tarar Dr. Hammad M. Cheema Mr. Ahsan Azhar |
| 856 ## - ELECTRONIC LOCATION AND ACCESS | |
| Uniform Resource Identifier | <a href="http://10.250.8.41:8080/xmlui/handle/123456789/8636">http://10.250.8.41:8080/xmlui/handle/123456789/8636</a> |
| 942 ## - ADDED ENTRY ELEMENTS (KOHA) | |
| Koha item type | Project Report |
| Source of classification or shelving scheme | |
| Withdrawn status | Lost status | Damaged status | Not for loan | Collection code | Permanent Location | Current Location | Shelving location | Date acquired | Total Checkouts | Full call number | Barcode | Date last seen | Date last checked out | Price effective from | Koha item type | Source of classification or shelving scheme |
|---|---|---|---|---|---|---|---|---|---|---|---|---|---|---|---|---|
| Central Library (CL) | Central Library (CL) | General Stacks | 04/21/2015 | 1 | MSEE-4 SAN | SEECSP01634 | 06/03/2015 | 04/25/2015 | 04/19/2015 | Project Report | ||||||
| Central Library (CL) | Central Library (CL) | Thesis | 12/11/2019 | 621.3MSEE-4 | CL-T-4188 | 12/11/2019 | 12/11/2019 | Thesis |
